=LDR 00000nam 2200000 4500 =001 INLIS000000000032997 =005 20130612134958 =008 ***********************************ind** =035 ##$$0010-061300000032997 =041 ##$$a ind =082 ##$$a F Rom k =090 ##$$a F Rom K, Adi b =100 ##$$a Adina, Nafisa nurul =245 ##$$a The Blue, Nafisa Nurul Adina;Penyunting,Dadan R =260 ##$$a 2009 $b Bandung =300 ##$$a 117 hlm, Ilus, 20 cm =650 ##$$a Fiksi kanak-kanak =700 ##$$a Dadan R =850 ##$$a NBPNMAT